Indian Polity Through Mind Maps/ (Record no. 215589)

MARC details
000 -LEADER
fixed length control field 00628nam a22002057a 4500
005 - DATE AND TIME OF LATEST TRANSACTION
control field 20260318104758.0
010 ## - LCCN (DPL NO)
LC control number ENG-147909
020 ## - INTERNATIONAL STANDARD BOOK NUMBER
International Standard Book Number 9789369589180
Terms of availability 299.00
035 ## - SYSTEM CONTROL NUMBER
System control number EN-131441
037 ## - SOURCE OF ACQUISITION
Source of stock number/acquisition DBAD
082 ## - DEWEY DECIMAL CLASSIFICATION NUMBER
Classification number 320
Edition number 2
100 ## - MAIN ENTRY--PERSONAL NAME
Personal name Mishra, Vishal
245 ## - TITLE STATEMENT
Title Indian Polity Through Mind Maps/
Statement of responsibility, etc Vishal Mishra [and] Satyam Jain
250 ## - EDITION STATEMENT
Edition statement 2
260 ## - PUBLICATION, DISTRIBUTION, ETC. (IMPRINT)
Place of publication, distribution, etc Uttar Pradesh
Name of publisher, distributor, etc S. Chand Publishing
Date of publication, distribution, etc 2026
270 ## - ADDRESS
Address D-92, Sector-02, Noida
City Uttar Pradesh
Postal code 201301
Telephone number 91-120-4682700
300 v# - PHYSICAL DESCRIPTION
Extent 160p.
Dimensions 20cm(pb)
700 ## - ADDED ENTRY--PERSONAL NAME
Personal name Jain, Satyam
Relator term Author
9 (RLIN) 88562
942 ## - ADDED ENTRY ELEMENTS (KOHA)
Source of classification or shelving scheme Dewey Decimal Classification
Item type English Books
Call number suffix MIS
Classification part 320
Holdings
Withdrawn status Lost status Not for loan Collection code Home library Current library Date acquired Source of acquisition Cost, normal purchase price Full call number Barcode Copy number Cost, replacement price Koha item type
      Non-fiction D.B.Act.Division Sarojini Nagar 18/03/2026 Delivery of Books Act Division 299.00 MIS 320 EN-131441 1 299.00 English Books

© Delhi Public Library
Hit Counter
free hit counter